Obras escogidas

Tallennettuna:
Bibliografiset tiedot
Päätekijä: San Juan de la Cruz (Tekijä)
Aineistotyyppi: Kirja
Kieli:espanja
Julkaistu: Buenos Aires Espasa-Calpe 1947
Sarja:Colección Austral
Aiheet:
Tagit: Lisää tagi
Ei tageja, Lisää ensimmäinen tagi!

MARC

LEADER 00000nam a2200000 a 4500
001 UCY7134
003 CL-VaPUC
008 950609e19470000AG |||||||||||||||||spa|d
082 0 4 |a 861  |b JUA  |2 21 
100 0 |a San Juan de la Cruz  |e author  |9 317648 
245 1 0 |a Obras escogidas 
300 |a 151 p 
942 |c BK 
945 |d 19950609 00:00:00  |a rbrito 
260 |a Buenos Aires  |b Espasa-Calpe  |c 1947 
650 0 |a Poesías españolas  |9 265100 
583 |a last modification  |c 19950609 00:00:00  |k Rodrigo Vera 
490 0 |a Colección Austral 
999 |c 234577  |d 234575 
952 |0 0  |1 0  |4 0  |6 861_000000000000000_JUA_1947  |7 0  |8 A  |9 241117  |a BIBART  |b BIBART  |d 2019-11-18  |i 2006650  |o 861 JUA 1947  |p 2006650  |r 2025-03-13  |w 2019-11-18  |y BK  |k ART